00374nam a2200121Ia 4500003000400000005001700004008004100021040001800062041000800080100004300088245008600131260003500217OSt20260227113824.0211028s2019 xx 000 0 und d cAIMIT LIBRARY aeng aGaniga, Swathi; Balaraju S J.g1716203 aStudy on work life balance of the employees at Pranav Hospital Brahmavara Udupi / aMangalorebSumitha Acharc2019